Garantismo. Estudio sobre el pensamiento jurídico de Luigi Ferrajoli

Αποθηκεύτηκε σε:
Λεπτομέρειες βιβλιογραφικής εγγραφής
Κύριοι συγγραφείς: Carbonell, Miguel (Συγγραφέας), Salazar, Pedro (Συγγραφέας)
Μορφή: Βιβλίο
Γλώσσα:Ισπανικά
Έκδοση: Madrid Trotta 2005
Σειρά:Colección Estructuras y Procesos. Serie derecho
Θέματα:
Ετικέτες: Προσθήκη ετικέτας
Δεν υπάρχουν, Καταχωρήστε ετικέτα πρώτοι!

MARC

LEADER 00000nam a2200000 a 4500
001 UCI1794
003 CL-VaPUC
008 070720e20050000SP |||||||||||||||||spa|d
020 |a 8481647683 
082 0 4 |a 340.01  |b CAR  |2 21 
100 0 |a Carbonell, Miguel  |e author  |9 522504 
700 0 |a Salazar, Pedro  |e author  |9 522505 
245 1 0 |a Garantismo. Estudio sobre el pensamiento jurídico de Luigi Ferrajoli 
300 |a 542 p 
942 |c BK 
945 |d 20070720 00:00:00  |a rbrito 
260 |a Madrid  |b Trotta  |c 2005 
600 0 |a Ferrajoli, Luigi   |e autor  |9 522506 
650 7 |a GARANTISMO  |2 CL-VaPUC  |9 439479 
650 0 |a Derechos fundamentales   |9 254841 
650 0 |a Derecho positivo  |9 255911 
650 0 |a Teoría del derecho  |9 255982 
650 0 |a Filosofía del derecho   |9 255050 
651 0 |a Italia  |9 254949 
583 |a last modification  |c 20070720 00:00:00  |k Rodrigo Vera 
490 0 |a Colección Estructuras y Procesos. Serie derecho 
999 |c 326530  |d 326528 
952 |0 0  |1 0  |4 0  |6 340_010000000000000_CAR_2005  |7 0  |8 A  |9 408454  |a BIBDER  |b BIBDER  |d 2019-11-22  |i 4355636  |o 340.01 CAR 2005  |p 4355636  |r 2023-01-25  |w 2019-11-22  |y BK  |k DER